Statistics for Country Tripoints by Proximity on the World Map in 90 Seconds

Click here to take the quiz!

General Stats

  • This quiz has been taken 473 times
  • The average score is 65 of 169

Answers on the Map

Answers color-coded by a green-red scale on the quiz's map according to % correct below.
 

Answer Stats

LatLonABCCountriesTripoint% Correct
47.529166679.611388889AustriaGermanySwitzerlandAustria/Germany/Switzerland/AUSTRI GER SWI
76%
46.8544444410.46888889AustriaItalySwitzerlandAustria/Italy/Switzerland/AUSTRI ITA SWI
76%
47.266666679.530277778AustriaLiechtensteinSwitzerlandAustria/Liechtenstein/Switzerland/ (N)AUSTRI LIE SWI (N)
76%
47.059.606666667AustriaLiechtensteinSwitzerlandAustria/Liechtenstein/Switzerland/ (S)AUSTRI LIE SWI (S)
76%
49.546111115.818055556BelgiumFranceLuxembourgBelgium/France/Luxembourg/BELG FRA LUX
76%
50.129722226.1375BelgiumGermanyLuxembourgBelgium/Germany/Luxembourg/BELG GER LUX
76%
50.754444446.020833333BelgiumGermanyNetherlandsBelgium/Germany/Netherlands/BELG GER NET
76%
49.469444446.367222222FranceGermanyLuxembourgFrance/Germany/Luxembourg/FRA GER LUX
76%
47.589722227.588888889FranceGermanySwitzerlandFrance/Germany/Switzerland/FRA GER SWI
76%
45.92257.041388889FranceItalySwitzerlandFrance/Italy/Switzerland/FRA ITA SWI
76%
49.517518.84888889Czech RepublicPolandSlovakiaCzech Republic/Poland/Slovakia/CZE POL SLOVA
75%
48.6163888916.94AustriaCzech RepublicSlovakiaAustria/Czech Republic/Slovakia/AUSTRI CZE SLOVA
73%
48.0066666717.16055556AustriaHungarySlovakiaAustria/Hungary/Slovakia/AUSTRI HUN SLOVA
73%
46.8691666716.11361111AustriaHungarySloveniaAustria/Hungary/Slovenia/AUSTRI HUN SLOVE
73%
46.5227777813.71416667AustriaItalySloveniaAustria/Italy/Slovenia/AUSTRI ITA SLOVE
73%
46.4666666716.61666667CroatiaHungarySloveniaCroatia/Hungary/Slovenia/CRO HUN SLOVE
73%
48.7711111113.83944444AustriaCzech RepublicGermanyAustria/Czech Republic/Germany/AUSTRI CZE GER
72%
50.8702777814.82583333Czech RepublicGermanyPolandCzech Republic/Germany/Poland/CZE GER POL
72%
42.50251.724444444AndorraFranceSpainAndorra/France/Spain/ (E)AND FRA SPA (E)
70%
42.601944441.442222222AndorraFranceSpainAndorra/France/Spain/ (W)AND FRA SPA (W)
70%
42.2166666780.25ChinaKazakhstanKyrgyzstanChina/Kazakhstan/Kyrgyzstan/CHIN KAZ KYR
69%
44.852519.01055556Bosnia and HerzegovinaCroatiaSerbiaBosnia and Herzegovina/Croatia/Serbia/BOS CRO SER
64%
45.9166666718.9CroatiaHungarySerbiaCroatia/Hungary/Serbia/CRO HUN SER
64%
49.0872222222.56305556PolandSlovakiaUkrainePoland/Slovakia/Ukraine/POL SLOVA UKR
64%
48.40522.14HungarySlovakiaUkraineHungary/Slovakia/Ukraine/HUN SLOVA UKR
62%
46.1166666720.25HungaryRomaniaSerbiaHungary/Romania/Serbia/HUN ROM SER
60%
47.9544444422.89722222HungaryRomaniaUkraineHungary/Romania/Ukraine/HUN ROM UKR
60%
48.2638888926.62527778MoldovaRomaniaUkraineMoldova/Romania/Ukraine/ (N)MOL ROM UKR (N)
59%
51.5047222223.62472222BelarusPolandUkraineBelarus/Poland/Ukraine/BELA POL UKR
58%
49.099887.3123ChinaKazakhstanRussiaChina/Kazakhstan/Russia/CHIN KAZ RUS
58%
49.1666666787.81666667ChinaMongoliaRussiaChina/Mongolia/Russia/ (W)CHIN MONG RUS (W)
58%
53.9547222223.51666667BelarusLithuaniaPolandBelarus/Lithuania/Poland/BELA LIT POL
55%
54.362522.79055556LithuaniaPolandRussiaLithuania/Poland/Russia/LIT POL RUS
55%
-4.216666667-69.93333333BrazilColombiaPeruBrazil/Colombia/Peru/BRA COL PER
53%
37.0333333374.56666667AfghanistanChinaPakistanAfghanistan/China/Pakistan/AFG CHIN PAK
52%
37.2333333374.88333333AfghanistanChinaTajikistanAfghanistan/China/Tajikistan/AFG CHIN TAJ
52%
43.5166666719.21666667Bosnia and HerzegovinaMontenegroSerbiaBosnia and Herzegovina/Montenegro/Serbia/BOS MONT SER
52%
35.676.8ChinaIndiaPakistanChina/India/Pakistan/CHIN INDI PAK
52%
45.4666666728.21333333MoldovaRomaniaUkraineMoldova/Romania/Ukraine/ (S)MOL ROM UKR (S)
52%
-22.23333333-62.65ArgentinaBoliviaParaguayArgentina/Bolivia/Paraguay/ARG BOL PAR
51%
55.6791666726.63333333BelarusLatviaLithuaniaBelarus/Latvia/Lithuania/BELA LAT LIT
51%
-20.16666667-58.16666667BoliviaBrazilParaguayBolivia/Brazil/Paraguay/BOL BRA PAR
51%
-25.5925-54.59361111ArgentinaBrazilParaguayArgentina/Brazil/Paraguay/ARG BRA PAR
50%
42.5622222218.45Bosnia and HerzegovinaCroatiaMontenegroBosnia and Herzegovina/Croatia/Montenegro/BOS CRO MONT
49%
49.85116.7166667ChinaMongoliaRussiaChina/Mongolia/Russia/ (E)CHIN MONG RUS (E)
49%
56.1619444428.15722222BelarusLatviaRussiaBelarus/Latvia/Russia/BELA LAT RUS
48%
52.1161111131.78055556BelarusRussiaUkraineBelarus/Russia/Ukraine/BELA RUS UKR
48%
1.233333333-66.85BrazilColombiaVenezuelaBrazil/Colombia/Venezuela/BRA COL VEN
48%
30.281.03333333ChinaIndiaNepalChina/India/Nepal/ (W)CHIN INDI NEP (W)
48%
42.8333333320.35KosovoMontenegroSerbiaKosovo/Montenegro/Serbia/KOS MONT SER
48%
-0.116666667-75.25ColombiaEcuadorPeruColombia/Ecuador/Peru/COL ECU PER
46%
21.9833333392.6BangladeshIndiaMyanmarBangladesh/India/Myanmar/BAN INDI MYA
44%
44.2166666722.68333333BulgariaRomaniaSerbiaBulgaria/Romania/Serbia/BUL ROM SER
44%
28.2166666797.35ChinaIndiaMyanmarChina/India/Myanmar/CHIN INDI MYA
44%
57.52527.35194444EstoniaLatviaRussiaEstonia/Latvia/Russia/EST LAT RUS
44%
-22.80833333-67.17777778ArgentinaBoliviaChileArgentina/Bolivia/Chile/ARG BOL CHIL
43%
42.5561111120.07861111AlbaniaKosovoMontenegroAlbania/Kosovo/Montenegro/ALB KOS MONT
41%
37.3566.55AfghanistanTurkmenistanUzbekistanAfghanistan/Turkmenistan/Uzbekistan/AFG TURKM UZB
40%
-17.6333333323.46666667AngolaNamibiaZambiaAngola/Namibia/Zambia/ANG NAM ZAM
40%
-10.93333333-69.56694444BoliviaBrazilPeruBolivia/Brazil/Peru/BOL BRA PER
40%
-17.7877777825.25666667BotswanaNamibiaZambiaBotswana/Namibia/Zambia/BOT NAM ZAM
40%
-17.7988888925.27027778BotswanaZambiaZimbabweBotswana/Zambia/Zimbabwe/BOT ZAM ZIM
40%
5.183333333-60.76666667BrazilGuyanaVenezuelaBrazil/Guyana/Venezuela/BRA GUY VEN
38%
41.877520.59444444AlbaniaKosovoMacedoniaAlbania/Kosovo/Macedonia/ALB KOS MAC
37%
7.53333333315.5CameroonCentral African RepublicChadCameroon/Central African Republic/Chad/CAME CAR CHA
37%
40.2333333370.98333333KyrgyzstanTajikistanUzbekistanKyrgyzstan/Tajikistan/Uzbekistan/KYR TAJ UZB
37%
37.1666666767.78333333AfghanistanTajikistanUzbekistanAfghanistan/Tajikistan/Uzbekistan/AFG TAJ UZB
36%
-17.5-69.48333333BoliviaChilePeruBolivia/Chile/Peru/BOL CHIL PER
36%
42.3166666722.36666667BulgariaMacedoniaSerbiaBulgaria/Macedonia/Serbia/BUL MAC SER
36%
37.1544.78333333IranIraqTurkeyIran/Iraq/Turkey/IRAN IRAQ TURKE
36%
37.111642.3633IraqSyriaTurkeyIraq/Syria/Turkey/IRAQ SYR TURKE
36%
42.2666666721.58333333KosovoMacedoniaSerbiaKosovo/Macedonia/Serbia/KOS MAC SER
36%
-30.18333333-57.6ArgentinaBrazilUruguayArgentina/Brazil/Uruguay/ARG BRA URU
35%
27.7666666791.65BhutanChinaIndiaBhutan/China/India/ (E)BHU CHIN INDI (E)
35%
27.3333333388.91666667BhutanChinaIndiaBhutan/China/India/ (W)BHU CHIN INDI (W)
35%
5.01666666727.45Central African RepublicDemocratic Republic of the CongoSouth SudanCentral African Republic/Democratic Republic of the Congo/South Sudan/CAR DRC S.SUD
35%
27.8833333388.13333333ChinaIndiaNepalChina/India/Nepal/ (E)CHIN INDI NEP (E)
35%
-15.6166666730.41666667MozambiqueZambiaZimbabweMozambique/Zambia/Zimbabwe/MOZ ZAM ZIM
35%
40.8516666720.98333333AlbaniaGreeceMacedoniaAlbania/Greece/Macedonia/ALB GREE MAC
34%
38.8666666746.53333333ArmeniaAzerbaijanIranArmenia/Azerbaijan/Iran/ (E)ARM AZE IRAN (E)
34%
38.8546.15ArmeniaAzerbaijanIranArmenia/Azerbaijan/Iran/ (W)ARM AZE IRAN (W)
34%
39.7166666744.76666667ArmeniaAzerbaijanTurkeyArmenia/Azerbaijan/Turkey/ARM AZE TURKE
34%
39.6333333344.81666667AzerbaijanIranTurkeyAzerbaijan/Iran/Turkey/AZE IRAN TURKE
34%
41.3436111122.94444444BulgariaGreeceMacedoniaBulgaria/Greece/Macedonia/BUL GREE MAC
34%
39.4666666773.6ChinaKyrgyzstanTajikistanChina/Kyrgyzstan/Tajikistan/CHIN KYR TAJ
34%
42.2666666770.95KazakhstanKyrgyzstanUzbekistanKazakhstan/Kyrgyzstan/Uzbekistan/KAZ KYR UZB
34%
23.5166666712AlgeriaLibyaNigerAlgeria/Libya/Niger/ALG LIBY NIGER
33%
110.916666667BeninBurkina FasoTogoBenin/Burkina Faso/Togo/BEN BURK TOG
33%
-22.229.36666667BotswanaSouth AfricaZimbabweBotswana/South Africa/Zimbabwe/BOT S.AFR ZIM
33%
38.751.4AzerbaijanIranTurkmenistanAzerbaijan/Iran/Turkmenistan/AZE IRAN TURKM
32%
11.92.4BeninBurkina FasoNigerBenin/Burkina Faso/Niger/BEN BURK NIGER
32%
11.73.6BeninNigerNigeriaBenin/Niger/Nigeria/BEN NIGER NIGERIA
32%
150.233333333Burkina FasoMaliNigerBurkina Faso/Mali/Niger/BURK MALI NIGER
32%
10.9333333322.86666667Central African RepublicChadSudanCentral African Republic/Chad/Sudan/CAR CHA SUD
32%
3.46666666718.61666667Central African RepublicDemocratic Republic of the CongoRepublic of the CongoCentral African Republic/Democratic Republic of the Congo/Republic of the Congo/CAR DRC ROC
32%
69.0527777828.93333333FinlandNorwayRussiaFinland/Norway/Russia/FIN NORW RUS
32%
69.0597222220.54694444FinlandNorwaySwedenFinland/Norway/Sweden/FIN NORW SWE
32%
32.1539.2IraqJordanSaudi ArabiaIraq/Jordan/Saudi Arabia/IRAQ JOR SAU
32%
33.3666666738.8IraqJordanSyriaIraq/Jordan/Syria/IRAQ JOR SYR
32%
19.154.266666667AlgeriaMaliNigerAlgeria/Mali/Niger/ALG MALI NIGER
30%
41.1333333343.46666667ArmeniaGeorgiaTurkeyArmenia/Georgia/Turkey/ARM GEO TURKE
30%
41.7119444426.35083333BulgariaGreeceTurkeyBulgaria/Greece/Turkey/BUL GREE TURKE
30%
14.33333333105.2166667CambodiaLaosThailandCambodia/Laos/Thailand/CAMB LAO THA
30%
21.56666667101.15ChinaLaosMyanmarChina/Laos/Myanmar/CHIN LAO MYA
30%
22.4102.15ChinaLaosVietnamChina/Laos/Vietnam/CHIN LAO VIE
30%
20.35100.0833333LaosMyanmarThailandLaos/Myanmar/Thailand/LAO MYA THA
30%
-10.8833333323.98333333AngolaDemocratic Republic of the CongoZambiaAngola/Democratic Republic of the Congo/Zambia/ANG DRC ZAM
29%
41.3019444445.00388889ArmeniaAzerbaijanGeorgiaArmenia/Azerbaijan/Georgia/ARM AZE GEO
28%
41.946.40194444AzerbaijanGeorgiaRussiaAzerbaijan/Georgia/Russia/AZE GEO RUS
28%
42.849.9AzerbaijanKazakhstanRussiaAzerbaijan/Kazakhstan/Russia/AZE KAZ RUS
28%
41.551AzerbaijanKazakhstanTurkmenistanAzerbaijan/Kazakhstan/Turkmenistan/AZE KAZ TURKM
28%
17.8-89.14833333BelizeGuatemalaMexicoBelize/Guatemala/Mexico/BELI GUA MEX
28%
19.524ChadLibyaSudanChad/Libya/Sudan/CHA LIBY SUD
28%
14.42166667-89.35055556El SalvadorGuatemalaHondurasEl Salvador/Guatemala/Honduras/ELS GUA HON
28%
-24.7666666720BotswanaNamibiaSouth AfricaBotswana/Namibia/South Africa/BOT NAM S.AFR
27%
9.483333333-2.683333333Burkina FasoCôte d'IvoireGhanaBurkina Faso/Côte d'Ivoire/Ghana/BURK COT GHA
27%
11.116666670Burkina FasoGhanaTogoBurkina Faso/Ghana/Togo/BURK GHA TOG
27%
8.64583333324.23583333Central African RepublicSouth SudanSudanCentral African Republic/South Sudan/Sudan/CAR S.SUD SUD
27%
3.530.86666667Democratic Republic of the CongoSouth SudanUgandaDemocratic Republic of the Congo/South Sudan/Uganda/DRC S.SUD UGA
27%
-8.230.76666667Democratic Republic of the CongoTanzaniaZambiaDemocratic Republic of the Congo/Tanzania/Zambia/DRC TAN ZAM
27%
-9.432.96666667MalawiTanzaniaZambiaMalawi/Tanzania/Zambia/MALAW TAN ZAM
27%
30.233333339.533333333AlgeriaLibyaTunisiaAlgeria/Libya/Tunisia/ALG LIBY TUN
26%
10.43333333-5.516666667Burkina FasoCôte d'IvoireMaliBurkina Faso/Côte d'Ivoire/Mali/BURK COT MALI
26%
2315ChadLibyaNigerChad/Libya/Niger/CHA LIBY NIGER
26%
32.7535.75IsraelJordanSyriaIsrael/Jordan/Syria/ISR JOR SYR
26%
33.3333333335.76666667IsraelLebanonSyriaIsrael/Lebanon/Syria/ISR LEB SYR
26%
4.21666666734KenyaSouth SudanUgandaKenya/South Sudan/Uganda/KEN S.SUD UGA
26%
-22.4213888931.30888889MozambiqueSouth AfricaZimbabweMozambique/South Africa/Zimbabwe/MOZ S.AFR ZIM
26%
10.16666667-7.966666667Côte d'IvoireGuineaMaliCôte d'Ivoire/Guinea/Mali/COT GUINEA MALI
25%
5.435.3EthiopiaKenyaSouth SudanEthiopia/Kenya/South Sudan/ETH KEN S.SUD
25%
29.146.55IraqKuwaitSaudi ArabiaIraq/Kuwait/Saudi Arabia/IRAQ KUW SAU
25%
22.755.21666667OmanSaudi ArabiaUnited Arab EmiratesOman/Saudi Arabia/United Arab Emirates/OMA SAU UAE
25%
-4.4529.41666667BurundiDemocratic Republic of the CongoTanzaniaBurundi/Democratic Republic of the Congo/Tanzania/BURU DRC TAN
24%
2225EgyptLibyaSudanEgypt/Libya/Sudan/EGY LIBY SUD
24%
29.86160.8828AfghanistanIranPakistanAfghanistan/Iran/Pakistan/AFG IRAN PAK
23%
13.0833333314.08333333CameroonChadNigeriaCameroon/Chad/Nigeria/CAME CHA NIGERIA
23%
35.6166666761.28333333AfghanistanIranTurkmenistanAfghanistan/Iran/Turkmenistan/AFG IRAN TURKM
21%
2.21666666716.2CameroonCentral African RepublicRepublic of the CongoCameroon/Central African Republic/Republic of the Congo/CAME CAR ROC
21%
2.16666666711.33333333CameroonEquatorial GuineaGabonCameroon/Equatorial Guinea/Gabon/CAME EQU GAB
21%
2.16666666713.3CameroonGabonRepublic of the CongoCameroon/Gabon/Republic of the Congo/CAME GAB ROC
21%
-1.38333333329.6Democratic Republic of the CongoRwandaUgandaDemocratic Republic of the Congo/Rwanda/Uganda/DRC RWA UGA
21%
9.534.10666667EthiopiaSouth SudanSudanEthiopia/South Sudan/Sudan/ETH S.SUD SUD
21%
-133.91666667KenyaTanzaniaUgandaKenya/Tanzania/Uganda/KEN TAN UGA
21%
-14.0166666733.21666667MalawiMozambiqueZambiaMalawi/Mozambique/Zambia/MALAW MOZ ZAM
21%
-1.06666666730.48333333RwandaTanzaniaUgandaRwanda/Tanzania/Uganda/RWA TAN UGA
21%
-2.7529.03333333BurundiDemocratic Republic of the CongoRwandaBurundi/Democratic Republic of the Congo/Rwanda/BURU DRC RWA
20%
-2.430.56666667BurundiRwandaTanzaniaBurundi/Rwanda/Tanzania/BURU RWA TAN
20%
42.43333333130.6166667ChinaNorth KoreaRussiaChina/North Korea/Russia/CHIN NORT RUS
20%
1952OmanSaudi ArabiaYemenOman/Saudi Arabia/Yemen/OMA SAU YEM
20%
2.333333333-54.55BrazilFranceSurinameBrazil/France/Suriname/BRA FRA SUR
19%
1.95-56.48333333BrazilGuyanaSurinameBrazil/Guyana/Suriname/BRA GUY SUR
19%
13.713.63333333ChadNigerNigeriaChad/Niger/Nigeria/CHA NIGER NIGERIA
19%
41.3166666756KazakhstanTurkmenistanUzbekistanKazakhstan/Turkmenistan/Uzbekistan/KAZ TURKM UZB
19%
25-4.833333333AlgeriaMaliMauritaniaAlgeria/Mali/Mauritania/ALG MALI MAURITA
16%
27.3-8.666666667AlgeriaMauritaniaMoroccoAlgeria/Mauritania/Morocco/ALG MAURITA MOR
16%
7.566666667-8.466666667Côte d'IvoireGuineaLiberiaCôte d'Ivoire/Guinea/Liberia/COT GUINEA LIBE
16%
8.483333333-10.26666667GuineaLiberiaSierra LeoneGuinea/Liberia/Sierra Leone/GUINEA LIBE SIE
16%
14.68333333107.55CambodiaLaosVietnamCambodia/Laos/Vietnam/CAMB LAO VIE
15%
12.68333333-13.71666667GuineaGuinea-BissauSenegalGuinea/Guinea-Bissau/Senegal/GUINEA GUINEA-B SEN
15%
12.41666667-11.36666667GuineaMaliSenegalGuinea/Mali/Senegal/GUINEA MALI SEN
15%
14.76666667-12.25MaliMauritaniaSenegalMali/Mauritania/Senegal/MALI MAURITA SEN
15%
12.4666666742.4DjiboutiEritreaEthiopiaDjibouti/Eritrea/Ethiopia/DJI ERI ETH
13%
10.9833333342.96666667DjiboutiEthiopiaSomaliaDjibouti/Ethiopia/Somalia/DJI ETH SOM
13%
14.2536.56666667EritreaEthiopiaSudanEritrea/Ethiopia/Sudan/ERI ETH SUD
12%
-25.9531.96666667MozambiqueSouth AfricaSwazilandMozambique/South Africa/Swaziland/ (N)MOZ S.AFR SWA (N)
12%
-26.8333333332.13333333MozambiqueSouth AfricaSwazilandMozambique/South Africa/Swaziland/ (S)MOZ S.AFR SWA (S)
12%
-4.68333333313.1AngolaDemocratic Republic of the CongoRepublic of the CongoAngola/Democratic Republic of the Congo/Republic of the Congo/ANG DRC ROC
11%
3.98333333341.9EthiopiaKenyaSomaliaEthiopia/Kenya/Somalia/ETH KEN SOM
8%
-11.5666666734.96666667MalawiMozambiqueTanzaniaMalawi/Mozambique/Tanzania/MALAW MOZ TAN
8%

Score Distribution

Percentile by Number Answered

Percent of People with Each Score

Your Score History

You have not taken this quiz